Riigid, mis algavad tähega A - Statistics

General Stats
  • This quiz has been taken 6 times
  • The average score is 8 of 13
Answer Stats
Maa % Correct
Angola
100%
Armeenia
100%
Afganistan
75%
Albaania
75%
Andorra
75%
Austraalia
75%
Austria
75%
Alžeeria
50%
Ameerika Ühendriigid
50%
Araabia Ühendemiraadid
50%
Argentina
50%
Antigua ja Barbuda
25%
Aserbaidžaan
25%
No matching quizzes found
Score Distribution
Percent of People with Each Score
Percentile by Number Answered
Your Score History
You have not taken this quiz